Intoxi časopis určený pre osoby užívajúce drogy a/alebo pracujúce v sex-biznise

Bibliographic Details
Format: Journal
Language:Slovak
PhysicalDescription:zv. 21 cm
Published: Bratislava Občianske združenie Odyseus 2002-
Subjects:

MARC

LEADER 00000cas a2200000 a 4500
001 vtls009511637
003 SK-MaSNL
005 20260415202210.0
008 090512c20029999xo mr|p 0 b0slo
040 |a SNK  |b slo  |c SNK  |e AACR2 
041 0 |a slo 
044 |a xo  |c SK 
072 7 |a 613  |x Hygiena. Ľudské zdravie  |2 konspekt 
080 |a 613.83  |2 2011 
080 |a 050  |2 2011 
080 |a 343.5  |2 2011 
080 |a 176  |2 2011 
080 |a (051)-048.55  |2 2011 
080 |a 364.692:615.015.6-051  |2 2001 
245 0 0 |a Intoxi  |b časopis určený pre osoby užívajúce drogy a/alebo pracujúce v sex-biznise 
260 |a Bratislava  |b Občianske združenie Odyseus  |c 2002- 
300 |a zv.  |c 21 cm 
310 |a 1x mesačne 
362 0 |a Roč. 1 (jún 2002)-  |z BA001/2017 
500 |a Popis podľa: Roč. 6, č. 1 (2008) 
500 |a Reg. číslo MK SR: 2632/08 
515 |a V tiráži v č. 12/ 2013 uvedené č. 11/2013 ; v č. 11/2016 je uvedené október 2016 č. 10 
650 0 7 |a drogy  |2 SNKPH  |9 1552 
650 0 7 |a sexuálna výchova  |2 SNKPH  |9 2589 
650 0 7 |a drogovo závislí  |2 SNKPH  |9 71375 
655 7 |a špecializované časopisy  |2 SNKPH  |9 70509 
910 |a snk 
999 |c 2127  |d 4057 
952 |t č. 1-12  |a SNK  |b SNK  |y PREZ  |7 0  |p 17A1557970  |o snkČSC 4061/19/2021  |i snk2025/15524  |8 0  |0 0  |1 0  |4 0  |d 2025-10-02  |l 0  |r 2026-02-21 20:03:04  |w 2026-02-21 
952 |t č. 1-12  |a SNK  |b SNK  |y PREZ  |7 0  |p 17A1557971  |o snkČSC 4061/20/2022  |i snk2025/15525  |8 0  |0 0  |1 0  |4 0  |d 2025-10-02  |l 0  |r 2026-02-21 20:03:04  |w 2026-02-21 
952 |t č. 1-12  |a SNK  |b SNK  |y PREZ  |7 0  |p 17A1557972  |o snkČSC 4061/21/2023  |i snk2025/15526  |8 0  |0 0  |1 0  |4 0  |d 2025-10-02  |l 0  |r 2026-02-21 20:03:05  |w 2026-02-21 
952 |t č. 1-12  |a SNK  |b SNK  |y PREZ  |7 0  |p 17A1557973  |o snkČSC 4061/22/2024  |i snk2025/15527  |8 0  |0 0  |1 0  |4 0  |d 2025-10-02  |l 0  |r 2026-02-21 20:03:06  |w 2026-02-21 
952 |t č. 1-12  |a SNK  |b SNK  |y PREZ  |7 0  |p 17A1462641  |o snkČSC 4061/17/2019  |i snk2022/4702  |8 0  |0 0  |1 0  |4 0  |d 2022-03-24  |l 0  |r 2026-02-21 20:09:51  |w 2026-02-21 
952 |t č. 1-12  |a SNK  |b SNK  |y PREZ  |7 0  |p 17A1462642  |o snkČSC 4061/18/2020  |i snk2022/4704  |8 0  |0 0  |1 0  |4 0  |d 2022-03-24  |l 0  |r 2026-02-21 20:09:51  |w 2026-02-21 
952 |t č. 1-12  |a SNK  |b SNK  |y PREZ  |7 0  |p 17A1384820  |o snkČSC 4061/6/2008  |i snk2019/32463  |8 0  |f 1  |0 0  |1 0  |4 0  |d 2019-12-18  |l 0  |r 2026-02-21 22:15:37  |w 2026-02-21 
952 |t č. 1-12  |a SNK  |b SNK  |y PREZ  |7 0  |p 17A1384819  |o snkČSC 4061/7/2009  |i snk2019/32470  |8 0  |f 1  |0 0  |1 0  |4 0  |d 2019-12-18  |l 0  |r 2026-02-21 22:15:37  |w 2026-02-21 
952 |t č. 1-12  |a SNK  |b SNK  |y PREZ  |7 0  |p 17A1384818  |o snkČSC 4061/8/2010  |i snk2019/32473  |8 0  |f 1  |0 0  |1 0  |4 0  |d 2019-12-18  |l 0  |r 2026-02-21 22:15:37  |w 2026-02-21 
952 |t č. 1-12  |a SNK  |b SNK  |y PREZ  |7 0  |p 17A1384817  |o snkČSC 4061/9/2011  |i snk2019/32474  |8 0  |z Príl.: Osobný plán prevencie recidívy v č. 1  |f 1  |0 0  |1 0  |4 0  |d 2019-12-18  |l 0  |r 2026-02-21 22:15:38  |w 2026-02-21 
952 |t č. 1-12, neúplné + 2 príl.  |a SNK  |b SNK  |y PREZ  |7 0  |p 17A1384816  |o snkČSC 4061/10/2012  |i snk2019/32475  |8 0  |z Chýba č. 8 ; Príl.: Intoxi - letná príl. 2012 : Intoxi - zimná príl. 2012  |f 1  |0 0  |1 0  |4 0  |d 2019-12-18  |l 0  |r 2026-02-21 22:15:38  |w 2026-02-21 
952 |t č. 1-12  |a SNK  |b SNK  |y PREZ  |7 0  |p 17A1384815  |o snkČSC 4061/11/2013  |i snk2019/32477  |8 0  |f 1  |0 0  |1 0  |4 0  |d 2019-12-18  |l 0  |r 2026-02-21 22:15:38  |w 2026-02-21 
952 |t č. 1-12  |a SNK  |b SNK  |y PREZ  |7 0  |p 17A1384798  |o snkČSC 4061/12/2014  |i snk2019/32494  |8 0  |f 1  |0 0  |1 0  |4 0  |d 2019-12-19  |l 0  |r 2026-02-21 22:15:46  |w 2026-02-21 
952 |t č. 1-12  |a SNK  |b SNK  |y PREZ  |7 0  |p 17A1384814  |o snkČSC 4061/13/2015  |i snk2019/32504  |8 0  |f 1  |0 0  |1 0  |4 0  |d 2019-12-19  |l 0  |r 2026-02-21 22:15:46  |w 2026-02-21 
952 |t č. 1-12  |a SNK  |b SNK  |y PREZ  |7 0  |p 17A1384799  |o snkČSC 4061/14/2016  |i snk2019/32512  |8 0  |f 1  |0 0  |1 0  |4 0  |d 2019-12-19  |l 0  |r 2026-02-21 22:15:46  |w 2026-02-21 
952 |t č. 1-12  |a SNK  |b SNK  |y PREZ  |7 0  |p 17A1384800  |o snkČSC 4061/15/2017  |i snk2019/32525  |8 0  |f 1  |0 0  |1 0  |4 0  |d 2019-12-19  |l 0  |r 2026-02-21 22:15:46  |w 2026-02-21 
952 |t č. 1-12  |a SNK  |b SNK  |y PREZ  |7 0  |p 17A1384801  |o snkČSC 4061/16/2018  |i snk2019/32526  |8 0  |f 1  |0 0  |1 0  |4 0  |d 2019-12-19  |l 0  |r 2026-02-21 22:15:46  |w 2026-02-21